PATHOLOGY Quick Review (Record no. 11578)

MARC details
000 -LEADER
fixed length control field 00393nam a22001697a 4500
003 - CONTROL NUMBER IDENTIFIER
control field OSt
008 - FIXED-LENGTH DATA ELEMENTS--GENERAL INFORMATION
fixed length control field 221007b ||||| |||| 00| 0 eng d
020 ## - INTERNATIONAL STANDARD BOOK NUMBER
International Standard Book Number 9789352705474
082 ## - DEWEY DECIMAL CLASSIFICATION NUMBER
Classification number 616.07 MOP
100 ## - MAIN ENTRY--PERSONAL NAME
Personal name MOHAN,Harsh
245 ## - TITLE STATEMENT
Title PATHOLOGY Quick Review
250 ## - EDITION STATEMENT
Edition statement 5th
260 ## - PUBLICATION, DISTRIBUTION, ETC. (IMPRINT)
Place of publication, distribution, etc New Delhi
Name of publisher, distributor, etc Jaypee Brothers
Date of publication, distribution, etc 2019
300 ## - PHYSICAL DESCRIPTION
Extent 598
650 ## - SUBJECT ADDED ENTRY--TOPICAL TERM
Topical term or geographic name as entry element Pathophysiology
942 ## - ADDED ENTRY ELEMENTS (KOHA)
Source of classification or shelving scheme Dewey Decimal Classification
Koha item type Text Books
Holdings
Withdrawn status Lost status Source of classification or shelving scheme Damaged status Not for loan Collection code Home library Current library Date acquired Source of acquisition Currency Cost, normal purchase price Bill Number Total Checkouts Full call number Acc. no. / Barcode Date last seen Actual Cost, discounted price Bill Date Koha item type Date last borrowed
    Dewey Decimal Classification     B.Pharma PIET C-LIBRARY PIET C-LIBRARY 12/09/2022 Kirti Praskshan IN Rupees 2595.00 IN986   616.07 MOP BP1934 07/10/2022 947.15 12/09/2022 Reference Books  
    Dewey Decimal Classification     B.Pharma PIET C-LIBRARY PIET C-LIBRARY 12/09/2022 Kirti Praskshan IN Rupees 2595.00 IN986 3 616.07 MOP BP1935 29/05/2026 947.15 12/09/2022 Text Books 15/05/2026

Design & Developed by: PIET Central Library
R70 Miles Stone Pattikalyana Samalkha Panipat 132102
mail ID :- [email protected], Phone No:- 0180-2569700 Ex.216